| 000 | 01350cam a22003497i 4500 | ||
|---|---|---|---|
| 001 | 18715011 | ||
| 003 | OSt | ||
| 005 | 20180117085954.0 | ||
| 008 | 130821s2015 enk b 001 0 eng d | ||
| 010 | _a 2014482145 | ||
| 020 | _a9781849043410 | ||
| 020 | _a1849043418 | ||
| 035 | _a(OCoLC)ocn902759603 | ||
| 040 |
_aYDXCP _beng _cYDXCP _erda _dUAB _dDLC |
||
| 042 | _alccopycat | ||
| 043 |
_aa-cc--- _aa-pk--- |
||
| 050 | 0 | 0 |
_aDS740.5.P18 _bS63 2015 |
| 082 | 0 | 4 |
_a327.5105491 _223 |
| 100 | 1 |
_aSmall, Andrew, _eauthor. |
|
| 245 | 1 | 4 |
_aThe China-Pakistan axis : _bAsia's new geopolitics / _cAndrew Small. |
| 260 |
_aLondon _bHurst and Company _c2015 |
||
| 300 |
_axvi, 319 pages ; _c23 cm |
||
| 504 | _aIncludes bibliographical references (pages 269-292) and index. | ||
| 650 | 0 |
_aGeopolitics _zPakistan. |
|
| 651 | 0 |
_aChina _xForeign relations _zPakistan. |
|
| 651 | 0 |
_aPakistan _xForeign relations _zChina. |
|
| 651 | 0 |
_aPakistan _xStrategic aspects. |
|
| 906 |
_a7 _bcbc _ccopycat _d3 _encip _f20 _gy-gencatlg |
||
| 942 |
_2ddc _cBK |
||
| 999 |
_c16190 _d16190 |
||